[Event "CRO-chT U20 30th"]
[Site "Rabac"]
[Date "2021.04.11"]
[Round "11.1"]
[White "Novosel, Marko"]
[Black "Jakrlin, Mihael"]
[Result "1-0"]
[WhiteElo "2130"]
[BlackElo "2106"]
[PlyCount "167"]
[EventDate "2021.04.06"]
[EventType "team-tourn"]
[EventRounds "11"]
[EventCountry "CRO"]
[SourceTitle "CBM 201 Extra"]
[Source "ChessBase"]
[SourceDate "2021.05.31"]
[SourceVersion "1"]
[SourceVersionDate "2021.05.31"]
[SourceQuality "1"]
[WhiteTeam "Oroslavje U20"]
[BlackTeam "Rijeka Junior U20"]
[WhiteTeamCountry "CRO"]
[BlackTeamCountry "CRO"]

1. e4 c5 2. Nc3 Nc6 3. Bb5 g6 4. Bxc6 dxc6 5. f4 Bg7 6. Nf3 Nf6 7. 0-0 0-0 8. d3 Re8 9. Ne2 b6 10. Ng3 a5 11. h3 a4 12. Rb1 Qc7 13. Ne5 Rd8 14. Qf3 Ne8 15. Nc4 b5 16. Ne3 e6 17. f5 exf5 18. exf5 Nd6 19. f6 Bf8 20. Ng4 Be6 21. Nh6+ Kh8 22. Bf4 c4 23. Rbe1 Bd5 24. Qg4 Re8 25. Kh1 cxd3 26. cxd3 Qa5 27. Re7 Qd8 28. Bxd6 Bxh6 29. Rfe1 Rg8 30. Bf4 Bf8 31. Qh4 Qc8 32. Ne4 Qf5 33. Nd6 g5 34. Nxf5 gxh4 35. Nxh4 Bxe7 36. fxe7 f6 37. a3 h5 38. Re2 c5 39. Kg1 Kh7 40. Kf2 Rae8 41. g3 b4 42. Nf5 Bc6 43. Nd6 Ra8 44. Be3 bxa3 45. bxa3 Ra5 46. Bd2 Raa8 47. Bc3 Kg6 48. Re6 Be8 49. h4 Kh7 50. Bxf6 Bg6 51. Re5 Rgb8 52. Ke3 Be8 53. Rxc5 Kg6 54. Bg5 Rb6 55. Nxe8 Rxe8 56. Ra5 Rb3 57. Rxa4 Kf7 58. Ke4 Rb1 59. Rd4 Re1+ 60. Kd5 Rd1 61. Kd6 Ra8 62. Rf4+ Kg7 63. Rf8 Rxd3+ 64. Kc7 Rdxa3 65. e8Q Rxe8 66. Rxe8 Rxg3 67. Re6 Rd3 68. Rd6 Rh3 69. Kd7 Rh1 70. Ke7 Re1+ 71. Re6 Rh1 72. Re2 Rf1 73. Be3 Rh1 74. Rg2+ Kh7 75. Bg5 Kg7 76. Bf6+ Kh7 77. Kf7 Rf1 78. Rd2 Rc1 79. Ke6 Kg6 80. Rg2+ Kh7 81. Rg7+ Kh6 82. Bg5+ Kxg7 83. Bxc1 Kg6 84. Ke5 1-0

[Event "CRO-chT U20 30th"]
[Site "Rabac"]
[Date "2021.04.10"]
[Round "9.1"]
[White "Novosel, Marko"]
[Black "Cvitan, Ena"]
[Result "1/2-1/2"]
[WhiteElo "2130"]
[BlackElo "2263"]
[PlyCount "28"]
[EventDate "2021.04.06"]
[EventType "team-tourn"]
[EventRounds "11"]
[EventCountry "CRO"]
[SourceTitle "CBM 201 Extra"]
[Source "ChessBase"]
[SourceDate "2021.05.31"]
[SourceVersion "1"]
[SourceVersionDate "2021.05.31"]
[SourceQuality "1"]
[WhiteTeam "Oroslavje U20"]
[BlackTeam "Rijeka Liburnija U20"]
[WhiteTeamCountry "CRO"]
[BlackTeamCountry "CRO"]

1. e4 c6 2. d4 d5 3. Nc3 dxe4 4. Nxe4 Bf5 5. Ng3 Bg6 6. h4 h6 7. Nf3 Nd7 8. h5 Bh7 9. Bd3 Bxd3 10. Qxd3 e6 11. Bd2 Ngf6 12. 0-0-0 a5 13. Rhe1 Be7 14. Qe2 0-0 1/2-1/2

[Event "CRO-chT U20 30th"]
[Site "Rabac"]
[Date "2021.04.06"]
[Round "2.1"]
[White "Karlusic, Luka"]
[Black "Novosel, Marko"]
[Result "0-1"]
[WhiteElo "2047"]
[BlackElo "2130"]
[PlyCount "120"]
[EventDate "2021.04.06"]
[EventType "team-tourn"]
[EventRounds "11"]
[EventCountry "CRO"]
[SourceTitle "CBM 201 Extra"]
[Source "ChessBase"]
[SourceDate "2021.05.31"]
[SourceVersion "1"]
[SourceVersionDate "2021.05.31"]
[SourceQuality "1"]
[WhiteTeam "Sveta Nedelja U20"]
[BlackTeam "Oroslavje U20"]
[WhiteTeamCountry "CRO"]
[BlackTeamCountry "CRO"]

1. d4 Nf6 2. Nc3 d5 3. Bf4 c6 4. e3 Bf5 5. f3 h6 6. g4 Bg6 7. h4 e6 8. Bd3 Bxd3 9. Qxd3 Bd6 10. Nge2 Na6 11. 0-0-0 Bxf4 12. Nxf4 Qa5 13. g5 Nd7 14. g6 0-0 15. gxf7+ Rxf7 16. Qg6 e5 17. Ne6 Nf8 18. Nxf8 Raxf8 19. Rhg1 Qc7 20. Qxh6 exd4 21. Rxd4 Rxf3 22. Qe6+ Qf7 23. Qe5 Qf6 24. Qh2 Rf1+ 25. Nd1 Rxg1 26. Qxg1 Nc5 27. Rg4 Ne4 28. Rg6 Qe5 29. h5 Kh7 30. Qg4 Rf1 31. Qe2 Rf5 32. Qg4 Rf1 33. Qe2 Rh1 34. Qg2 Rxd1+ 35. Kxd1 Qxh5+ 36. Ke1 Qxg6 37. Qh3+ Qh6 38. Qf5+ g6 39. Qd7+ Qg7 40. Qh3+ Kg8 41. c4 Qf7 42. Qg2 Qf5 43. cxd5 cxd5 44. Qh2 Qc8 45. Kd1 Qg4+ 46. Kc2 Qc8+ 47. Kd1 Qd7 48. Qb8+ Kg7 49. Qe5+ Nf6 50. Kd2 Kf7 51. Qf4 g5 52. Qf3 Qg4 53. Qf1 Qb4+ 54. Kd1 Qxb2 55. Qf5 Qa1+ 56. Ke2 Qxa2+ 57. Kf3 g4+ 58. Kg3 Qc4 59. Kh4 g3+ 60. Kxg3 Qg4+ 0-1

[Event "CRO-ch U19"]
[Site "Vinkovci"]
[Date "2020.07.29"]
[Round "2"]
[White "Jakrlin, Mihael"]
[Black "Novosel, Marko"]
[Result "1-0"]
[WhiteElo "2183"]
[BlackElo "2147"]
[PlyCount "143"]
[EventDate "2020.07.28"]
[EventType "swiss"]
[EventRounds "9"]
[EventCountry "CRO"]
[SourceTitle "EXT 2021"]
[Source "ChessBase"]
[SourceDate "2020.10.23"]
[SourceVersion "1"]
[SourceVersionDate "2020.10.23"]
[SourceQuality "1"]

1. Nf3 Nf6 2. g3 g6 3. b3 Bg7 4. Bb2 b6 5. Bg2 Bb7 6. c4 c5 7. 0-0 Nc6 8. e4 d6 9. Qe2 e5 10. d3 0-0 11. Qd2 Nh5 12. Nc3 h6 13. Ne2 Bc8 14. h3 Bd7 15. Kh2 Rc8 16. Rg1 g5 17. Raf1 Kh7 18. Ne1 Nd4 19. Nxd4 cxd4 20. Ba3 Be6 21. Nc2 Rg8 22. Ra1 g4 23. Bc1 gxh3 24. Bxh3 Qd7 25. Bg2 Nf6 26. f3 Bf8 27. Qf2 Rg6 28. Bd2 Be7 29. Bf1 Rcg8 30. Be2 Nh5 31. f4 Nxg3 32. f5 Nxf5 33. exf5 Bxf5 34. Bh5 R6g7 35. Rxg7+ Rxg7 36. Rg1 Bg6 37. Bxg6+ fxg6 38. Qf3 Qe6 39. Qh3 Qxh3+ 40. Kxh3 Rf7 41. Kg3 Bd8 42. Nb4 g5 43. Nc6 Bc7 44. Nxa7 d5 45. Nb5 Bb8 46. Kg2 dxc4 47. bxc4 Kg6 48. Rb1 Kh5 49. Re1 Kg4 50. Re4+ Kh5 51. a4 g4 52. Bb4 Rf6 53. Be7 Rf3 54. Nd6 Bxd6 55. Bxd6 Rxd3 56. Bxe5 Ra3 57. Bxd4 Rxa4 58. Bxb6 Kg5 59. Be3+ Kf5 60. Rf4+ Kg5 61. Kg3 Ra3 62. Rxg4+ Kf5 63. Rf4+ Ke5 64. Kf3 Ra2 65. Rh4 Ra4 66. Rh5+ Kd6 67. c5+ Kc7 68. Rxh6 Rc4 69. Rf6 Kb7 70. Rf4 Rc3 71. Ke4 Kc6 72. Bd4 1-0

[Event "CRO-ch U19"]
[Site "Vinkovci"]
[Date "2020.07.29"]
[Round "3"]
[White "Novosel, Marko"]
[Black "Baric, Marko"]
[Result "1/2-1/2"]
[WhiteElo "2147"]
[BlackElo "1831"]
[PlyCount "82"]
[EventDate "2020.07.28"]
[EventType "swiss"]
[EventRounds "9"]
[EventCountry "CRO"]
[SourceTitle "EXT 2021"]
[Source "ChessBase"]
[SourceDate "2020.10.23"]
[SourceVersion "1"]
[SourceVersionDate "2020.10.23"]
[SourceQuality "1"]

1. e4 c5 2. Nc3 Nc6 3. Bb5 g6 4. f4 Nd4 5. Nf3 Nxb5 6. Nxb5 a6 7. Nc3 Bg7 8. 0-0 d6 9. d3 e6 10. Ne2 Ne7 11. c3 0-0 12. Kh1 Qc7 13. Ng3 d5 14. Nh4 dxe4 15. dxe4 f5 16. e5 b5 17. Qd6 Qxd6 18. exd6 Nd5 19. Nf3 Rd8 20. a4 bxa4 21. Rxa4 Rxd6 22. Ra5 c4 23. Rc5 Bd7 24. Re1 Rc8 25. Rxc8+ Bxc8 26. Ne5 Bxe5 27. fxe5 Rb6 28. Ne2 Kg7 29. Kg1 h6 30. h4 Bd7 31. g3 a5 32. Nf4 Nxf4 33. gxf4 Bc6 34. Rd1 Bd5 35. Kf2 Rb3 36. Ke3 a4 37. Kd4 Rb5 38. Rg1 Kf7 39. Re1 Ra5 40. Rg1 Ra8 41. Kc5 Rc8+ 1/2-1/2

[Event "CRO-ch U19"]
[Site "Vinkovci"]
[Date "2020.07.28"]
[Round "1"]
[White "Novosel, Marko"]
[Black "Smetisko, Josip"]
[Result "1/2-1/2"]
[WhiteElo "2147"]
[BlackElo "1940"]
[PlyCount "88"]
[EventDate "2020.07.28"]
[EventType "swiss"]
[EventRounds "9"]
[EventCountry "CRO"]
[SourceTitle "EXT 2021"]
[Source "ChessBase"]
[SourceDate "2020.10.23"]
[SourceVersion "1"]
[SourceVersionDate "2020.10.23"]
[SourceQuality "1"]

1. e4 d6 2. d4 Nf6 3. Nc3 Nbd7 4. Nf3 e5 5. Bc4 Be7 6. 0-0 c6 7. a4 0-0 8. h3 exd4 9. Qxd4 Qb6 10. a5 Qxd4 11. Nxd4 Nc5 12. Re1 Re8 13. Bg5 Bd8 14. b4 Ne6 15. Bxe6 Bxe6 16. a6 Bc8 17. axb7 Bxb7 18. Nf5 Bc7 19. Bxf6 gxf6 20. Red1 Re6 21. f3 Kf8 22. b5 a6 23. bxc6 Bxc6 24. Kh1 a5 25. Nd4 Re5 26. Nxc6 Rc5 27. Nd5 Rxc6 28. Nxf6 Kg7 29. Nd5 Rxc2 30. Ra4 Ra6 31. Nb4 axb4 32. Rxa6 b3 33. Raa1 b2 34. Rab1 Bd8 35. f4 Ba5 36. Kh2 Bd2 37. Kg3 Kf6 38. Kf3 Ke6 39. g3 Rc3+ 40. Ke2 Bc1 41. Rg1 Re3+ 42. Kf2 Rc3 43. Ke2 Kd7 44. Rg2 Re3+ 1/2-1/2

[Event "Hum na Sutli op 13th"]
[Site "Hum na Sutli"]
[Date "2019.08.30"]
[Round "8"]
[White "Horvat, Damjan"]
[Black "Novosel, Marko"]
[Result "0-1"]
[WhiteElo "2164"]
[BlackElo "1935"]
[PlyCount "120"]
[EventDate "2019.08.24"]
[EventType "swiss"]
[EventRounds "9"]
[EventCountry "CRO"]
[SourceTitle "EXT 2020"]
[Source "ChessBase"]
[SourceDate "2019.10.17"]
[SourceVersion "1"]
[SourceVersionDate "2019.10.17"]
[SourceQuality "1"]

1. e4 c6 2. d4 d5 3. e5 Bf5 4. Nf3 e6 5. Be2 Nd7 6. 0-0 Qb6 7. c4 Bxb1 8. c5 Qc7 9. Rxb1 a5 10. Be3 Ne7 11. Nh4 Ng6 12. Nf3 Be7 13. Nd2 f5 14. exf6 gxf6 15. f4 f5 16. Nf3 Nxf4 17. Bxf4 Qxf4 18. Kh1 Qh6 19. Re1 0-0 20. Bd3 Rac8 21. Qb3 Rb8 22. Re2 Bd8 23. Rg1 Kh8 24. Rge1 Rf6 25. Bc2 Bc7 26. Qc3 Rg6 27. a3 Rbg8 28. Qb3 Rb8 29. Qc3 Rf6 30. Qd3 Rg8 31. Qb3 Rb8 32. Qc3 Qg6 33. b4 axb4 34. axb4 Qf7 35. Qb2 Rg8 36. b5 Bf4 37. bxc6 bxc6 38. Ba4 Rh6 39. Bxc6 Nf8 40. h3 Rg3 41. Ng1 Qg7 42. Be8 Rd3 43. Rf1 Qg3 44. Rxf4 Qxf4 45. Nf3 Rd1+ 46. Re1 Rxe1+ 47. Nxe1 Qf1+ 48. Kh2 Qxe1 49. c6 Qe3 50. Qb8 f4 51. Bf7 Qg3+ 52. Kh1 Qe1+ 53. Kh2 Qg3+ 54. Kh1 Kg7 55. Qe5+ Kxf7 56. c7 Qc3 57. Qxf4+ Rf6 58. Qd6 Rf1+ 59. Kh2 Rc1 60. Qf4+ Ke8 0-1

[Event "CRO-ch U17/U19"]
[Site "Vinkovci"]
[Date "2019.07.27"]
[Round "8"]
[White "Tomulic, Teo"]
[Black "Novosel, Marko"]
[Result "1-0"]
[WhiteElo "2327"]
[BlackElo "1981"]
[PlyCount "87"]
[EventDate "2019.07.22"]
[EventType "swiss"]
[EventRounds "9"]
[EventCountry "CRO"]
[SourceTitle "EXT 2020"]
[Source "ChessBase"]
[SourceDate "2019.10.17"]
[SourceVersion "1"]
[SourceVersionDate "2019.10.17"]
[SourceQuality "1"]

1. e4 c6 2. Nc3 d5 3. Nf3 Bg4 4. h3 Bxf3 5. Qxf3 e6 6. d4 Nf6 7. exd5 exd5 8. Bd3 Be7 9. Bf4 b5 10. g4 0-0 11. g5 Nfd7 12. h4 Bb4 13. h5 Re8+ 14. Kf1 f6 15. Nxd5 fxg5 16. Bxb8 cxd5 17. Qxd5+ Kh8 18. Qxa8 Qf6 19. Be5 Rxa8 20. Bxf6 Nxf6 21. Bxb5 Rf8 22. Ke2 Nd5 23. Bc6 Nf4+ 24. Kd1 Rf6 25. Bb5 g6 26. hxg6 h5 27. c3 Bd6 28. Kc2 Kg7 29. Rae1 g4 30. Bc6 Kxg6 31. c4 Nh3 32. c5 Bc7 33. d5 Rxf2+ 34. Kb3 Nf4 35. d6 Bd8 36. Be8+ Kg5 37. c6 Bf6 38. c7 Rxb2+ 39. Ka3 Rc2 40. Rc1 Bb2+ 41. Kb3 Rxc1 42. Rxc1 Bxc1 43. c8Q Be3 44. d7 1-0

[Event "CRO-ch U17/U19"]
[Site "Vinkovci"]
[Date "2019.07.25"]
[Round "6"]
[White "Novosel, Marko"]
[Black "Kanizaj, Benjamin"]
[Result "0-1"]
[WhiteElo "1981"]
[BlackElo "1962"]
[PlyCount "142"]
[EventDate "2019.07.22"]
[EventType "swiss"]
[EventRounds "9"]
[EventCountry "CRO"]
[SourceTitle "EXT 2020"]
[Source "ChessBase"]
[SourceDate "2019.10.17"]
[SourceVersion "1"]
[SourceVersionDate "2019.10.17"]
[SourceQuality "1"]

1. e4 c5 2. Nf3 d6 3. d4 cxd4 4. Nxd4 Nf6 5. Nc3 e6 6. g4 h6 7. h4 Nc6 8. Nxc6 bxc6 9. g5 hxg5 10. Bxg5 Be7 11. Qd2 d5 12. Bg2 a5 13. f4 Rb8 14. Rb1 Ba6 15. e5 Nh5 16. Bxe7 Qxe7 17. a3 g6 18. Qf2 c5 19. Bf1 Bxf1 20. Kxf1 Ng7 21. Ke2 Nf5 22. b3 Rxh4 23. Rxh4 Qxh4 24. Qxh4 Nxh4 25. Rh1 g5 26. fxg5 Ng6 27. Kd2 Ke7 28. Re1 Rc8 29. Na4 c4 30. Nc3 Nh4 31. Rf1 Ng6 32. Re1 Rc5 33. a4 Rc8 34. Nb5 cxb3 35. cxb3 Rh8 36. Nd4 Kd7 37. Nf3 Rh3 38. Rf1 Rg3 39. Rf2 Rg4 40. Re2 Rf4 41. Ke3 Rb4 42. Rb2 Re4+ 43. Kd3 Nxe5+ 44. Nxe5+ Rxe5 45. Rg2 Kc6 46. g6 fxg6 47. Rxg6 Kc5 48. Rg8 Kb4 49. Rb8+ Ka3 50. Rb5 Re4 51. Rb6 Re1 52. Kd2 Re5 53. Rb5 Re4 54. Rxa5 Kxb3 55. Ra6 e5 56. a5 Kb4 57. Ra8 Kb5 58. a6 Ra4 59. a7 Kb6 60. Rd8 Rd4+ 61. Kc3 Kxa7 62. Re8 Rc4+ 63. Kb3 e4 64. Rd8 Rd4 65. Kc3 Rd3+ 66. Kb4 Kb6 67. Rd6+ Kc7 68. Rh6 e3 69. Kc5 Kd7 70. Rh2 Rd2 71. Rh1 Ke6 0-1

[Event "CRO-ch U17/U19"]
[Site "Vinkovci"]
[Date "2019.07.22"]
[Round "1"]
[White "Novosel, Marko"]
[Black "Petrovic, David1111"]
[Result "0-1"]
[WhiteElo "1981"]
[BlackElo "1804"]
[PlyCount "64"]
[EventDate "2019.07.22"]
[EventType "swiss"]
[EventRounds "9"]
[EventCountry "CRO"]
[SourceTitle "EXT 2020"]
[Source "ChessBase"]
[SourceDate "2019.10.17"]
[SourceVersion "1"]
[SourceVersionDate "2019.10.17"]
[SourceQuality "1"]

1. e4 e5 2. Nf3 Nc6 3. d4 exd4 4. Bc4 Bc5 5. c3 Qe7 6. 0-0 Ne5 7. Nxe5 Qxe5 8. Kh1 dxc3 9. Qb3 Nh6 10. Nxc3 Ng4 11. Bxf7+ Kf8 12. f4 Qf6 13. Qb5 b6 14. Bh5 Nxh2 15. g3 Nxf1 16. Qxf1 Bb7 17. Bf3 Qd4 18. Kg2 Re8 19. f5 Ba6 20. Qe1 d5 21. Bf4 dxe4 22. Bh5 g6 23. Bg4 e3 24. Rd1 Bb7+ 25. Kh2 Qg7 26. f6 Qxf6 27. Rd7 h5 28. Bh3 g5 29. Bxg5 Qf2+ 30. Qxf2+ exf2 31. Rxc7 Bf3 32. Nd5 Bxd5 0-1

[Event "Hum na Sutli op 12th"]
[Site "Hum na Sutli"]
[Date "2018.08.30"]
[Round "8"]
[White "Stocko, Josip"]
[Black "Novosel, Marko"]
[Result "1-0"]
[WhiteElo "2278"]
[BlackElo "2047"]
[PlyCount "89"]
[EventDate "2018.08.25"]
[EventType "swiss"]
[EventRounds "9"]
[EventCountry "CRO"]
[SourceTitle "CBM 186 Extra"]
[Source "ChessBase"]
[SourceDate "2018.08.24"]
[SourceVersion "1"]
[SourceVersionDate "2018.08.24"]
[SourceQuality "1"]

1. e4 c5 2. Nf3 g6 3. g3 Bg7 4. Bg2 d6 5. 0-0 Nf6 6. Re1 e5 7. c3 Bg4 8. h3 Bxf3 9. Bxf3 Nc6 10. a3 a5 11. a4 0-0 12. Na3 Nd7 13. h4 Kh8 14. h5 Bh6 15. Kg2 g5 16. Nb5 Qf6 17. Nc7 Rad8 18. Qb3 Rb8 19. Bg4 Qd8 20. Nd5 Nf6 21. Ne3 Nxg4 22. Nxg4 Bg7 23. h6 Bf6 24. Re3 Be7 25. Rf3 Qd7 26. Ne3 Qe6 27. Qd1 Rg8 28. d3 g4 29. Rf5 Qg6 30. Nd5 f6 31. Ra3 Bd8 32. Qh1 Rf8 33. Qh4 b5 34. Bg5 b4 35. Ra1 bxc3 36. bxc3 Rb3 37. Qxg4 Rg8 38. Nxf6 Ne7 39. f4 Nxf5 40. exf5 Qf7 41. Nxg8 Qxg8 42. f6 Qd5+ 43. Kh3 Qf7 44. Qc8 Qh5+ 45. Bh4 1-0

[Event "Hum na Sutli op 12th"]
[Site "Hum na Sutli"]
[Date "2018.08.26"]
[Round "4"]
[White "Zelcic, Robert"]
[Black "Novosel, Marko"]
[Result "1-0"]
[WhiteElo "2509"]
[BlackElo "2047"]
[PlyCount "57"]
[EventDate "2018.08.25"]
[EventType "swiss"]
[EventRounds "9"]
[EventCountry "CRO"]
[SourceTitle "CBM 186 Extra"]
[Source "ChessBase"]
[SourceDate "2018.08.24"]
[SourceVersion "1"]
[SourceVersionDate "2018.08.24"]
[SourceQuality "1"]

1. d4 Nf6 2. Nc3 d5 3. Bg5 e6 4. e4 dxe4 5. Nxe4 Be7 6. Bxf6 Bxf6 7. Nf3 g6 8. Bb5+ Bd7 9. Qe2 a6 10. Bxd7+ Nxd7 11. 0-0-0 Bg7 12. d5 e5 13. g4 h6 14. h4 0-0 15. g5 h5 16. Kb1 Re8 17. c4 b6 18. Ne1 Qb8 19. Nd3 Qb7 20. Nb4 a5 21. Nc6 Nb8 22. Qf3 Nxc6 23. dxc6 Qa6 24. Rd5 Re7 25. Rd7 Rae8 26. Rc1 Qa8 27. Rcd1 Kf8 28. Nf6 e4 29. Qa3 1-0

[Event "Bjelovar op"]
[Site "Bjelovar"]
[Date "2018.08.04"]
[Round "6"]
[White "Doric, Nenad"]
[Black "Novosel, Marko"]
[Result "1-0"]
[WhiteElo "2253"]
[BlackElo "2047"]
[PlyCount "249"]
[EventDate "2018.08.02"]
[EventType "swiss"]
[EventRounds "7"]
[EventCountry "CRO"]
[SourceTitle "CBM 185 Extra"]
[Source "ChessBase"]
[SourceDate "2018.07.29"]
[SourceVersion "1"]
[SourceVersionDate "2018.07.29"]
[SourceQuality "1"]

1. d4 Nf6 2. c4 e5 3. dxe5 Ng4 4. Bf4 g5 5. Bg3 Bg7 6. Nf3 Nc6 7. h4 Ngxe5 8. Nxe5 Nxe5 9. hxg5 Nxc4 10. Nc3 Qxg5 11. Rh4 Nd6 12. Nd5 0-0 13. Qc2 h6 14. Nxc7 Nf5 15. Rc4 b5 16. Bf4 Qf6 17. Re4 Bb7 18. Re5 Nd4 19. Qd2 Ne6 20. Rxb5 Nxf4 21. Rxb7 Rab8 22. Nd5 Nxd5 23. Qxd5 Rxb7 24. Qxb7 Qe5 25. Rc1 Qa5+ 26. b4 Qa3 27. Rc2 Bc3+ 28. Kd1 Bxb4 29. e3 Ba5 30. Bc4 Qb4 31. Qxb4 Bxb4 32. Bb3 d6 33. Rc7 Bc5 34. Ke2 Kg7 35. g4 Kg6 36. f4 Kf6 37. Kf3 Kg6 38. e4 Kf6 39. e5+ Kg6 40. Bd5 Bb4 41. Be4+ Kg7 42. Rxa7 dxe5 43. fxe5 Re8 44. Bd5 Rxe5 45. Rxf7+ Kg6 46. Bb3 h5 47. Rb7 hxg4+ 48. Kxg4 Ba5 49. Bc2+ Kf6 50. Bb3 Bd2 51. Rf7+ Kg6 52. Rd7 Bb4 53. Kf4 Re7 54. Rd5 Kf6 55. a4 Re1 56. Rb5 Bd6+ 57. Kf3 Bc7 58. Rb7 Bd6 59. a5 Ra1 60. Rb6 Ke5 61. a6 Ra3 62. Rb5+ Kf6 63. Rb6 Ke5 64. Ke2 Bc5 65. Re6+ Kf5 66. Bd5 Ra5 67. Kd3 Ba7 68. Bc4 Ra3+ 69. Kc2 Bd4 70. Rc6 Ke5 71. Bb3 Ra5 72. Kd3 Bc5 73. Kc4 Bf2 74. Kb4 Be1+ 75. Kc4 Bf2 76. Rg6 Be3 77. Kd3 Bf4 78. Re6+ Kf5 79. Kd4 Ra3 80. Bc4 Ra4 81. Re7 Bg3 82. Rf7+ Kg5 83. Kd5 Bf4 84. Bb5 Ra3 85. a7 Be3 86. Rf3 Rxa7 87. Rxe3 Kf4 88. Re4+ Kf5 89. Re1 Kf4 90. Kd4 Ra3 91. Bc4 Rg3 92. Re7 Rg5 93. Bd3 Ra5 94. Rf7+ Kg5 95. Be4 Rb5 96. Bd5 Kg4 97. Ke5 Kg3 98. Rf3+ Kg4 99. Rf2 Ra5 100. Rg2+ Kh3 101. Rg7 Rb5 102. Ke4 Rb4+ 103. Kf3 Kh4 104. Be4 Rb8 105. Kf4 Rb5 106. Rg8 Ra5 107. Rb8 Rc5 108. Rh8+ Rh5 109. Rg8 Rb5 110. Rg4+ Kh5 111. Rg1 Kh6 112. Rg6+ Kh5 113. Ra6 Kh4 114. Rg6 Ra5 115. Rg7 Rb5 116. Rg4+ Kh5 117. Rg1 Kh6 118. Bf5 Rb4+ 119. Ke5 Rb5+ 120. Kf6 Rb6+ 121. Be6 Rb5 122. Ra1 Rc5 123. Bd7 Rd5 124. Bf5 Rd6+ 125. Be6 1-0

[Event "Krapina-ch 8th "]
[Site "Krapina"]
[Date "2018.01.20"]
[Round "5"]
[White "Bockaj, Ivan"]
[Black "Novosel, Marko"]
[Result "1/2-1/2"]
[WhiteElo "1879"]
[BlackElo "2096"]
[PlyCount "54"]
[EventDate "2018.01.18"]
[EventType "swiss"]
[EventRounds "7"]
[EventCountry "CRO"]
[SourceTitle "EXT 2019"]
[Source "ChessBase"]
[SourceDate "2018.10.10"]
[SourceVersion "1"]
[SourceVersionDate "2018.10.10"]
[SourceQuality "1"]

1. d4 Nf6 2. Nf3 g6 3. Bg5 Bg7 4. Nc3 d5 5. e3 0-0 6. h3 Re8 7. Bf4 c6 8. Bd3 Nfd7 9. 0-0 e5 10. dxe5 Nxe5 11. Nxe5 Bxe5 12. Bxe5 Rxe5 13. Ne2 Qb6 14. b3 Nd7 15. Nd4 Nf8 16. Qf3 Bd7 17. Qg3 Rae8 18. h4 Qd8 19. Be2 Kh8 20. c4 Re4 21. Bf3 Rxh4 22. cxd5 c5 23. Ne2 Bb5 24. Rfe1 Bxe2 25. Rxe2 Nd7 26. Qd6 Ne5 27. Qxd8 Rxd8 1/2-1/2

[Event "Krapina-ch 8th "]
[Site "Krapina"]
[Date "2018.01.20"]
[Round "4"]
[White "Novosel, Marko"]
[Black "Mlinaric, Andrija"]
[Result "1-0"]
[WhiteElo "2096"]
[BlackElo "1890"]
[PlyCount "53"]
[EventDate "2018.01.18"]
[EventType "swiss"]
[EventRounds "7"]
[EventCountry "CRO"]
[SourceTitle "EXT 2019"]
[Source "ChessBase"]
[SourceDate "2018.10.10"]
[SourceVersion "1"]
[SourceVersionDate "2018.10.10"]
[SourceQuality "1"]

1. e4 g6 2. d4 Bg7 3. Nf3 d6 4. h3 Nf6 5. Nc3 0-0 6. Be2 Nbd7 7. 0-0 a6 8. a4 c6 9. Be3 Rb8 10. Qc1 b5 11. axb5 cxb5 12. e5 Ne8 13. Bh6 Bb7 14. Bxg7 Kxg7 15. Re1 Qc7 16. e6 fxe6 17. Ng5 Rf6 18. Bg4 Nf8 19. Nxe6+ Nxe6 20. Bxe6 Bc8 21. Bxc8 Qxc8 22. Rxe7+ Rf7 23. Rxf7+ Kxf7 24. Qh6 Kg8 25. Re1 Rb7 26. Nd5 Qd8 27. Rxe8+ 1-0

[Event "CRO-chT U16"]
[Site "Nasice"]
[Date "2017.12.28"]
[Round "3"]
[White "Simunic, Krunoslav"]
[Black "Novosel, Marko"]
[Result "1-0"]
[WhiteElo "1970"]
[BlackElo "2096"]
[PlyCount "115"]
[EventDate "2017.12.27"]
[EventType "team-tourn"]
[EventRounds "7"]
[EventCountry "CRO"]
[SourceTitle "EXT 2019"]
[Source "ChessBase"]
[SourceDate "2018.10.10"]
[SourceVersion "1"]
[SourceVersionDate "2018.10.10"]
[SourceQuality "1"]

1. d4 Nf6 2. c4 e5 3. dxe5 Ng4 4. Bf4 g5 5. Bg3 Bg7 6. Nf3 Nc6 7. h4 Ngxe5 8. Nxe5 Nxe5 9. Nc3 d6 10. e3 Be6 11. Qc2 Qe7 12. hxg5 0-0-0 13. Nd5 Bxd5 14. cxd5 Qxg5 15. Bh4 Qg6 16. Rc1 Qxc2 17. Rxc2 Rdg8 18. Be2 f5 19. Bg3 Bf6 20. Rh5 f4 21. exf4 Nd7 22. Bd3 Nb6 23. Bf5+ Kb8 24. Be6 Rf8 25. b3 h6 26. Kd2 Nc8 27. Rc1 Bb2 28. Rch1 Rf6 29. f5 Be5 30. Bxe5 dxe5 31. Re1 Nd6 32. Rxe5 c6 33. g4 Rd8 34. Ke3 Kc7 35. f4 cxd5 36. Rxd5 Kc6 37. Rd2 Re8 38. Kf3 Ref8 39. Rdh2 Nb5 40. Rd2 Nc7 41. Bc4 b5 42. Bd3 Kc5 43. Rc2+ Kb6 44. Rch2 Rd8 45. Be4 Rdd6 46. g5 hxg5 47. fxg5 Rf8 48. Rh6 Ne8 49. Rxd6+ Nxd6 50. Kf4 Kc5 51. a3 b4 52. a4 Nxe4 53. Kxe4 Re8+ 54. Kf4 Kd4 55. g6 Re4+ 56. Kg5 Re3 57. g7 Rxb3 58. Rh4+ 1-0

[Event "CRO-ch U17"]
[Site "Vinkovci"]
[Date "2017.07.30"]
[Round "9"]
[White "Ghersinich, Enrico"]
[Black "Novosel, Marko"]
[Result "1-0"]
[WhiteElo "2165"]
[BlackElo "1989"]
[PlyCount "89"]
[EventDate "2017.07.24"]
[EventType "swiss"]
[EventRounds "9"]
[EventCountry "CRO"]
[SourceTitle "EXT 2018"]
[Source "ChessBase"]
[SourceDate "2017.10.13"]
[SourceVersion "1"]
[SourceVersionDate "2017.10.13"]
[SourceQuality "1"]

1. e4 c5 2. Nf3 d6 3. Bb5+ Bd7 4. Bxd7+ Qxd7 5. 0-0 Nf6 6. Qe2 Nc6 7. Rd1 g6 8. b3 Bg7 9. Bb2 0-0 10. d4 cxd4 11. Nxd4 Nxd4 12. Bxd4 Qc6 13. f3 a6 14. c4 e5 15. Bb2 Nh5 16. Qd2 Qb6+ 17. Qf2 Qc6 18. Ba3 Rfd8 19. Nc3 Kh8 20. Nd5 Nf4 21. Nxf4 exf4 22. Bb2 Be5 23. Rd5 Qc7 24. Rad1 Kg8 25. c5 Bxb2 26. Qxb2 dxc5 27. Qf6 Rxd5 28. exd5 Rd8 29. d6 Qb6 30. Kh1 a5 31. Qxf4 Qc6 32. Qf6 Qd7 33. h4 Re8 34. Rd5 Re6 35. Qf4 b6 36. a3 Kg7 37. h5 gxh5 38. b4 Kf8 39. bxc5 bxc5 40. Qc4 h4 41. Qxc5 h3 42. g4 Re2 43. Qd4 f5 44. Qh8+ Kf7 45. Rxf5+ 1-0

[Event "CRO-ch U17"]
[Site "Vinkovci"]
[Date "2017.07.29"]
[Round "8"]
[White "Novosel, Marko"]
[Black "Simunic, Krunoslav"]
[Result "1-0"]
[WhiteElo "1989"]
[BlackElo "1993"]
[PlyCount "103"]
[EventDate "2017.07.24"]
[EventType "swiss"]
[EventRounds "9"]
[EventCountry "CRO"]
[SourceTitle "EXT 2018"]
[Source "ChessBase"]
[SourceDate "2017.10.13"]
[SourceVersion "1"]
[SourceVersionDate "2017.10.13"]
[SourceQuality "1"]

1. e4 e6 2. d4 d5 3. Nd2 c5 4. c3 cxd4 5. cxd4 dxe4 6. Nxe4 Nf6 7. Nxf6+ Qxf6 8. Nf3 Nc6 9. Bb5 Bd7 10. 0-0 h6 11. Ne5 Rd8 12. Bxc6 Bxc6 13. Nxc6 bxc6 14. Qa4 Qxd4 15. Qxc6+ Qd7 16. Qc3 Rc8 17. Qg3 g5 18. Qe5 Rg8 19. Be3 Bd6 20. Qa5 Ke7 21. g3 Rc2 22. Rad1 Qc7 23. Qa4 Rc4 24. Qb3 Rb8 25. Qd3 Be5 26. Rc1 Rxc1 27. Rxc1 Qd7 28. Bc5+ Bd6 29. Rd1 Rd8 30. Qa3 Qc7 31. Rxd6 Rxd6 32. Bxd6+ Qxd6 33. Qxa7+ Kf6 34. Qa4 Qd2 35. Qb3 Kg6 36. Kg2 g4 37. a4 Qd6 38. Qc4 Qd1 39. Qe4+ Kg7 40. a5 f5 41. Qb7+ Kf6 42. a6 e5 43. a7 e4 44. Qa6+ Kg5 45. Qa3 f4 46. gxf4+ Kxf4 47. Qg3+ Kf5 48. a8R e3 49. Ra5+ Kg6 50. Qxe3 Qd6 51. Qe4+ Kg7 52. Qe5+ 1-0